A városi lét mobil hangjai a mindennapi mobilitás auditív megismerése
Elmentve itt :
| Szerző: | |
|---|---|
| Adatforrás: | Philobibl |
| Forrásdokumentuma: | Világosság 47.2006:6-7. 195-202. p. |
| Dokumentumtípus: | Cikk |
| Nyelv: | magyar |
| Kulcsszavak: | modernitás kommunikáció |
| Megjelent: |
2006
|
| LEADER | 00405nab a2200133 c 4500 | ||
|---|---|---|---|
| 001 | bibPHI0030849 | ||
| 005 | 20200924122751.8 | ||
| 008 | 070618s2006 xx hun | ||
| 100 | 1 | |a Bull, Michael | |
| 245 | 1 | 2 | |a A városi lét mobil hangjai |b a mindennapi mobilitás auditív megismerése |c Michael Bull |
| 260 | |c 2006 | ||
| 695 | |a modernitás | ||
| 695 | |a kommunikáció | ||
| 773 | 0 | |t Világosság |g 47.2006:6-7. 195-202. p. | |